000 01413nam a2200337 i 4500
001 110130
003 ES-MaACL
005 20251120110747.0
007 t|
008 061121s1918 sp r ||||1| spa d
080 _a271-9(8)"15/16"
080 _a910.4(8)"15/16"
080 _a94(861)"1499/1550"
080 _a94(87)"1498/1528"
100 1 _aBolivar Coronado, Rafael.
_929966
245 1 0 _aNueva Umbría :
_bconquista y colonización de este reino en 1518 /
_cMaestre Juan de Ocampo . Misiones de Rosa Blanca y San Juan de las Galdonas en 1656 / Mateo Montalvo de Jarama.
246 3 _aMisiones de Rosa Blanca y San Juan de las Galdonas en 1656
260 _aMadrid :
_bAmérica,
_c1918.
300 _a255 p. ;
_c19 cm.
490 1 _aBiblioteca americana de historia colonial
530 _aDisponible en formato digital.
650 4 _aMisiones-
_zAmérica del Sur.
_9159857
651 4 _aColombia-
_xHistoria-
_y1499-1550, Descubrimiento y conquista.
_9152427
651 4 _aVenezuela-
_xHistoria-
_y1498-1528, Descubrimiento y conquista.
_9157777
651 4 _aAmérica del Sur-
_xDescubrimientos y exploraciones-
_xEspañoles.
_9158619
830 1 0 _aBiblioteca americana de historia colonial
_9233006
852 _aES-MaACL
_jB-12312
_cSPB
856 4 _uhttp://bdh-rd.bne.es/viewer.vm?id=0000088383&page=1
_y(Biblioteca Digital Hispánica)
942 _2udc
999 _c110130
_d110130